000 00685nam a2200301Ia 4500
005 20260401122129.0
008 008 250103s9999 xx 000 0 eng d
020 _a8120800958
037 _aTB
040 _aEDL
040 _beng
040 _cEDL
041 _2eng
041 _aeng
084 _a891.209 MAC
084 _qEDL
100 _aMacdonell, Arthur A.
_91232680
245 0 _aHistory of Sanskrit Literature
245 0 _cMacdonell, Arthur A.
260 _aDelhi
260 _bMotilal Banarsidass Publishers
260 _c1997
300 _a406p
942 _cTB
942 _h891.209 MAC
999 _c1845124
_d1845124